Top 10 Ballon d'Or_Mort Subite - Statistiques

Statistiques générales
  • Ce quiz a été pris 234 fois
  • Le résultat moyen est 4 sur 15
Answers on the Grid
Answers color-coded by a green-red scale on the quiz's grid according to % correct below.
Adebayor
Aguero
Alexis Sanchez
Bale
Bernardo Silva
Casemiro
Cesc Fàbregas
Courtois
Firmino
Ibrahimović
James Rodriguez
Jorginho
Julian Alvarez
Kimmich
Lampard
Lautaro Martinez
Lukaku
Mahrez
Osimhen
Ozil
Palmer
Payet
Pedri
Pogba
Rakitic
Rolando
Trezeguet
Van Persie
Varane
Yaya Touré
 
Statistiques - réponses
Réponse % Correct
Bale
52%
Ibrahimović
45%
Courtois
36%
Jorginho
31%
Palmer
29%
Lampard
28%
Bernardo Silva
27%
Varane
26%
Lautaro Martinez
19%
Alexis Sanchez
18%
Mahrez
18%
James Rodriguez
12%
Julian Alvarez
12%
Osimhen
9%
Van Persie
9%
Aucun quiz correspondant
Distribution des résultats
% des personnes avec chaque résultat
Percentile par nombre de réponses
Votre historique - résultats
Vous n’avez pas pris ce quiz